Abkürzungen für Bundesländer - Statistiken

Allgemein
  • Dieses Quiz wurde 180 mal gespielt
  • Das Durchschnittsergebnis liegt bei 12 aus 16
Antworten auf der Karte
Die Antworten werden auf der Karte rot bzw. grün angezeigt, abhängig davon wie oft sie richtig erraten wurden.
 
Antwortstatistiken
State Abbreviation % Korrekt
Baden-Württemberg BW
99%
Berlin BE
91%
Bayern BY
90%
Hamburg HH
88%
Hessen HE
85%
Mecklenburg-Vorpommern MV
85%
Rheinland-Pfalz RP
84%
Brandenburg BB
83%
Nordrhein-Westfalen NW
82%
Niedersachsen NI
80%
Saarland SL
79%
Bremen HB
74%
Sachsen SN
59%
Thüringen TH
57%
Schleswig-Holstein SH
55%
Sachsen-Anhalt ST
40%
Keine übereinstimmenden Quizze gefunden
Verteilung der Resultate
Anzahl Personen mit jedem Resultat
Perzentil nach korrekt beantworteten Fragen
Ihre Resultats-Entwicklung
Sie haben dieses Quiz noch nicht gespielt